Fünf Länder mit bestem Ergebnis bei den Olympischen Spielen (Fußball) - Statistiken

Allgemein
  • Dieses Quiz wurde 57 mal gespielt
  • Das Durchschnittsergebnis liegt bei 18 aus 28
Antwortstatistiken
Kontinent Bestes Ergebnis Land % Korrekt
CONMEBOL Gold (2x) Argentinien
94%
CONMEBOL Gold (2x) Brasilien
94%
OFC 5. Platz (1x) Australien
86%
AFC 4. Platz (1x) Japan
86%
CONCACAF Silber (1x) Vereinigte Staaten
86%
UEFA Gold (1x) Italien
82%
CONCACAF Gold (1x) Kanada
82%
CONCACAF Gold (1x) Mexiko
82%
OFC 6. Platz (1x) Neuseeland
82%
CONMEBOL Gold (2x) Uruguay
82%
CONMEBOL Bronze (1x) Chile
78%
CAF Gold (1x) Nigeria
78%
AFC Bronze (1x) Südkorea
78%
CAF 4. Platz (1x) Ägypten
76%
CAF Bronze (1x) Ghana
76%
CONMEBOL Silber (1x) Paraguay
71%
CAF Gold (1x) Kamerun
69%
AFC 4. Platz (1x) Irak
53%
UEFA Gold (1x) Belgien
51%
UEFA Gold (2x) Sowjetunion
51%
UEFA Gold (3x) Ungarn
51%
CONCACAF 4. Platz (1x) Honduras
49%
CONCACAF 7. Platz (1x) Kuba
49%
AFC 4. Platz (1x) Indien
45%
OFC 16. Platz (1x) Fidschi
43%
UEFA Gold (3x) Großbritannien
31%
AFC Bronze (1x) Israel
20%
CAF 5. Platz (1x) Sambia
12%
Keine übereinstimmenden Quizze gefunden
Verteilung der Resultate
Anzahl Personen mit jedem Resultat
Perzentil nach korrekt beantworteten Fragen
Ihre Resultats-Entwicklung
Sie haben dieses Quiz noch nicht gespielt